| 000 | 00455nam a2200181Ia 4500 | ||
|---|---|---|---|
| 005 | 20250423095831.0 | ||
| 008 | 250422s9999 xx 000 0 und d | ||
| 020 | _a0-8058-2005-1 | ||
| 050 | _aQP 363.3 .L48/ | ||
| 100 | _aDaniel S. Levine | ||
| 245 | 0 | _aIntroduction to Neural and Cognitie Modeling | |
| 260 | _aNew York | ||
| 260 | _bLawrence Erlbaum Associates Mahwah | ||
| 260 | _c1999 | ||
| 300 | _a491 p | ||
| 650 | _asciences | ||
| 942 | _cBK | ||
| 999 |
_c31473 _d31473 |
||